000 00689nam a22002057a 4500
003 BDDh-ASL
005 20231015031359.0
008 211207s1984 enk||||| |||| 00| 0 eng d
040 _cBDDh-ASL
082 _a950.21
_bJOU
245 0 0 _aThe Journal of Asian Studies: Volume-XLIII, No.-03, May 1984 /
260 _aUSA:
_bThe Association for Asian Studies, INC.,
_c1984.
300 _a503-619 Page, :
_c26 cm.
490 _aThe Journal of Asian Studies
_vV-43, No.-03.
504 _aInclude Bibliographical References
650 0 _91349
_aHistory
_vPeriodicals.
650 0 _93476
_aAsian Studies
_vPeriodicals.
710 1 _96054
_aThe Association for Asian Studies
942 _2ddc
_cCR
999 _c32354
_d32354